Central Library OPAC University of Rajshahi

The reconquest of Burma / (Record no. 27515)

MARC details
000 -LEADER
fixed length control field 00982nam a2200253 a 4500
001 - CONTROL NUMBER
control field 27515
003 - CONTROL NUMBER IDENTIFIER
rucl marc code BD-RjUL
005 - DATE AND TIME OF LATEST TRANSACTION
control field 20211209051150.0
008 - FIXED-LENGTH DATA ELEMENTS--GENERAL INFORMATION
fixed length control field 140325m1959ii bcf 000 0 eng
035 ## - SYSTEM CONTROL NUMBER
System control number (BD-RjUL)27589
040 ## - CATALOGING SOURCE
Original cataloging agency DLC
Transcribing agency CarP
Modifying agency BD-RjUL
Language of cataloging eng
041 ## - LANGUAGE CODE
Language code of text/sound track or separate title eng
082 ## - DEWEY DECIMAL CLASSIFICATION NUMBER
Classification number 940.5354
Author mark and year REC V-2 1959
245 14 - TITLE STATEMENT
Title The reconquest of Burma /
Statement of responsibility, etc. general editor, Bisheshwar Prasad.
Number of part/section of a work VOLUME II
Name of part/section of a work June 1944- August 1945
260 ## - PUBLICATION, DISTRIBUTION, ETC. (IMPRINT)
Place of publication, distribution, etc. Delhi :
Name of publisher, distributor, etc. Combined Inter-services Historical Section (India & Pakistan); distributors: Orient Longmans, Bombay?
Date of publication, distribution, etc. 1959.
300 ## - PHYSICAL DESCRIPTION
Pagination xxv ,539 p. :
Illustrations maps (part fold., part col.) plates, ports. ;
Size 26 cm.
490 ## - SERIES STATEMENT
Series statement Official history of the Indian Armed Forces in the Second World War, 1939-1945
500 ## - GENERAL NOTE
General note "S.N. Prasad, P.N. Khera."
650 #0 - SUBJECT ADDED ENTRY--TOPICAL TERM
Topical term or geographic name as entry element World War, 1939-1945
General subdivision Campaigns
Geographic subdivision Burma. [from old catalog]
9 (RLIN) 76826
700 ## - ADDED ENTRY--PERSONAL NAME
Personal name Prasad, Bisheshwar
942 ## - ADDED ENTRY ELEMENTS (KOHA)
Source of classification or shelving scheme Dewey Decimal Classification
Koha item type Books
Holdings
Lost status Source of classification or shelving scheme Damaged status Not for loan Collection code Permanent Location Current Location Shelving location Date acquired Source of acquisition Cost, normal purchase price Total Checkouts Full call number Date last seen Copy number Koha item type
  Dewey Decimal Classification     Non-fiction Central Library, University of Rajshahi Central Library, University of Rajshahi Reading Room 27/03/1965 Book centre 32.50   940.5354 REC V-2 1959 25/03/2014 C-1 Books